000 00457nam a2200181Ia 4500
001 17641
005 20260306171532.0
008 260306s9999||||xx |||||||||||||| ||und||
041 _aESP
082 _a658.11
_bB45
100 _aBernilla P., Magaly E.
_eAUT
245 0 _aMicro y pequeña empresa MYPE oportunidad de crecimiento
260 _c2018
300 _a344 páginas :
_c21 cm.
650 _aGEN
654 _aCAN
942 _cLIB
_dJUS
_fJUS
_2ddc
_n
999 _c17641
_d17641